El Juego de los reformismos: frente a la revolución en Centroamérica /
Bewaard in:
| Hoofdauteur: | |
|---|---|
| Coauteur: | |
| Andere auteurs: | |
| Formaat: | Texto |
| Gepubliceerd in: |
San José:
DEI
|
| Tags: |
Voeg label toe
Geen labels, Wees de eerste die dit record labelt!
|
MARC
| LEADER | 00000 a a2200000 04500 | ||
|---|---|---|---|
| 001 | 25565 | ||
| 003 | |||
| 040 | |||
| 090 | |a 154803 | ||
| 100 | |a Assmann, Hugo | ||
| 110 | |a Departamento Ecuménico de Investigaciones | ||
| 245 | |a El Juego de los reformismos: frente a la revolución en Centroamérica / |c Hugo Assmann | ||
| 260 | |a San José: |b DEI | ||
| 300 | |a 181 p. | ||
| 700 | |a Hinkelammert, Franz J. |a Petras, James F. |a Solorzano Martínez, Mario | ||
| 999 | |c 15329 |d 15329 | ||
